Качественный анализ загрязнения воздуха методом лихеноиндикации; Энергетика: эффективность, надежность, безопасность; Т. 2

Detaylı Bibliyografya
Parent link:Энергетика: эффективность, надежность, безопасность: сборник трудов XIX Всероссийской научно-технической конференции, 4-6 декабря 2013 г., Томск/ Национальный исследовательский Томский политехнический университет (ТПУ) [и др.].— , 2013
Т. 2.— [С. 259-261]
Yazar: Кондратова А. А.
Kurumsal yazarlar: Национальный исследовательский Томский политехнический университет (ТПУ) Юргинский технологический институт (филиал) (ЮТИ) Кафедра естественного научного образования (ЕНО), Национальный исследовательский Томский политехнический университет (ТПУ) Юргинский технологический институт (филиал) (ЮТИ) Кафедра безопасности жизнедеятельности, экологии и физического воспитания (БЖДЭФВ)
Diğer Yazarlar: Орлова К. Н. Ксения Николаевна
Özet:Заглавие с титульного экрана
Dil:Rusça
Baskı/Yayın Bilgisi:
Seri Bilgileri:Экология и защита окружающей среды
Konular:
Online Erişim:http://www.lib.tpu.ru/fulltext/c/2013/C15/V2/092.pdf
Materyal Türü: Elektronik Kitap Bölümü
KOHA link:https://koha.lib.tpu.ru/cgi-bin/koha/opac-detail.pl?biblionumber=611509

MARC

LEADER 00000naa2a2200000 4500
001 611509
005 20231102023313.0
035 |a (RuTPU)RU\TPU\conf\9305 
035 |a RU\TPU\conf\1435 
090 |a 611509 
100 |a 20150402d2013 k y0rusy50 ca 
101 0 |a rus 
102 |a RU 
105 |a y z 101zy 
135 |a drnn ---uucaa 
181 0 |a i  
182 0 |a b 
200 1 |a Качественный анализ загрязнения воздуха методом лихеноиндикации  |f А. А. Кондратова, К. Н. Орлова 
203 |a Текст  |c электронный 
225 1 |a Экология и защита окружающей среды 
230 |a 1 компьютерный файл (pdf; 400 Kb) 
300 |a Заглавие с титульного экрана 
320 |a [Библиогр.: с. 261 (2 назв.)] 
337 |a Adobe Reader 
461 1 |0 (RuTPU)RU\TPU\conf\562  |t Энергетика: эффективность, надежность, безопасность  |o сборник трудов XIX Всероссийской научно-технической конференции, 4-6 декабря 2013 г., Томск  |o в 2 т.  |f Национальный исследовательский Томский политехнический университет (ТПУ) [и др.]  |d 2013 
463 1 |0 (RuTPU)RU\TPU\conf\565  |t Т. 2  |f под ред. В. В. Литвака [и др.]  |v [С. 259-261] 
610 1 |a труды учёных ТПУ 
610 1 |a электронный ресурс 
610 1 |a атмосфера 
610 1 |a воздух 
610 1 |a загрязнение 
610 1 |a качественный анализ 
610 1 |a лихеноиндикация 
610 1 |a Юрга 
700 1 |a Кондратова  |b А. А. 
701 1 |a Орлова  |b К. Н.  |c физик  |c доцент Юргинского технологического института (филиала) Томского политехнического университета, кандидат технических наук  |f 1985-  |g Ксения Николаевна  |2 stltpush  |3 (RuTPU)RU\TPU\pers\28212  |9 13166 
712 0 2 |a Национальный исследовательский Томский политехнический университет (ТПУ)  |b Юргинский технологический институт (филиал) (ЮТИ)  |b Кафедра естественного научного образования (ЕНО)  |h 7134  |2 stltpush  |3 (RuTPU)RU\TPU\col\18894 
712 0 2 |a Национальный исследовательский Томский политехнический университет (ТПУ)  |b Юргинский технологический институт (филиал) (ЮТИ)  |b Кафедра безопасности жизнедеятельности, экологии и физического воспитания (БЖДЭФВ)  |h 2240  |2 stltpush  |3 (RuTPU)RU\TPU\col\18930 
801 2 |a RU  |b 63413507  |c 20150402  |g RCR 
856 4 |u http://www.lib.tpu.ru/fulltext/c/2013/C15/V2/092.pdf 
942 |c BK